000 00561nam a22001697a 4500
020 _qHard Cover.
082 _a621.3
100 _aBaig, Anshrah
245 _aFOOD E-NOSE-Automatic Detection of Food Freshness /
_cAnshrah Baig.
260 _aIslamabad :
_bSEECS - NUST,
_c2019.
300 _a52 p. : ill. ;
_c30cm.
650 _aSoftware Engineering-Project Report.
_930818
700 _aDr. Ahmad Salman
_918529
856 _uhttp://10.250.8.41:8080/xmlui/handle/123456789/29600
942 _2ddc
_cPR
999 _c535920
_d535920